[Event "Palma de Mallorca"]
[Site "Palma de Majorca ESP"]
[Date "1972.??.??"]
[Round "?"]
[White "Smejkal, Jan"]
[Black "Hug, Werner"]
[Result "1/2-1/2"]
[WhiteElo "2545"]
[BlackElo "2475"]
[PlyCount "164"]
[EventDate "1972.??.??"]
[Source "www.chesslib.no"]
[SourceDate "2004.05.04"]

1. d4 Nf6 2. c4 c5 3. d5 g6 4. Nc3 d6 5. g3 Bg7 6. Bg2 O-O 7. Nf3 Na6 8. O-O Nc7 9. a4 b6 10. Bf4 Rb8 11. e4 Bg4 12. h3 Bxf3 13. Bxf3 Nfe8 14. Be3 e5 15. Be2 Kh8 16. Kh2 Qe7 17. Qd2 Nf6 18. Bg5 Rbe8 19. Rae1 Qd7 20. Bd1 a6 21. f4 Ng8 22. f5 f6 23. Be3 Rb8 24. h4 Qe7 25. Be2 Rf7 26. Rf2 g5 27. hxg5 fxg5 28. Bxg5 Bf6 29. Be3 Rg7 30. Rh1 Bh4 31. Rf3 Bg5 32. Bxg5 Qxg5 33. Qxg5 Rxg5 34. Nd1 Nf6 35. Nf2 a5 36. Rb3 Na6 37. Kg2 Nb4 38. Bd1 Rbg8 39. Rh3 R8g7 40. Kf1 h5 41. Kg2 Kg8 42. Rh4 Rh7 43. Re3 Kf8 44. Re1 Rhg7 45. Re3 Rh7 46. Re1 Rhg7 47. Rh3 Ke7 48. Reh1 Kf7 49. Kh2 Ke7 50. Rg1 Rh7 51. Rg2 Kf7 52. Kg1 Rhg7 53. Kf1 Ke7 54. Ke1 Kf7 55. Kd2 Ke7 56. Ke3 Kf7 57. Nh1 Ke7 58. Rgh2 Rh7 59. Rh4 Kf8 60. g4 hxg4 61. Rxh7 Nxh7 62. Rxh7 g3 63. Nxg3 Rxg3+ 64. Kf2 Rg7 65. Rh6 Nd3+ 66. Kf1 Nxb2 67. f6 Rg5 68. Bh5 Nxc4 69. Ke2 Nb2 70. Kf3 Nd3 71. Bg6 Rxg6 72. Rxg6 c4 73. Ke3 Nc5 74. Rg7 c3 75. Rc7 c2 76. Kd2 Nxe4+ 77. Kxc2 Nxf6 78. Rc6 Ke7 79. Rxb6 Nxd5 80. Rb5 Nc7 81. Rxa5 Kd7 82. Kd3 Kc6 1/2-1/2

[Event "Memorial P.Keres"]
[Site "Memorial P.Keres"]
[Date "1989.??.??"]
[Round "?"]
[White "Drasko, Milan"]
[Black "Oll, Lembit"]
[Result "0-1"]
[WhiteElo "2505"]
[BlackElo "2510"]
[PlyCount "103"]
[EventDate "1989.??.??"]
[Source "www.chesslib.no"]
[SourceDate "2004.05.04"]

1. Nf3 Nf6 2. c4 g6 3. g3 Bg7 4. Bg2 O-O 5. O-O c5 6. d4 d6 7. d5 Na6 8. Nc3 Nc7 9. a4 e6 10. Bf4 exd5 11. cxd5 Re8 12. Nd2 Nh5 13. Be3 b6 14. Rc1 Ba6 15. Re1 f5 16. Nf1 Qf6 17. Qd2 b5 18. b4 c4 19. a5 Bb7 20. Bh6 Bxh6 21. Qxh6 Qf7 22. Red1 Nf6 23. Qd2 Re5 24. f4 Re7 25. Qd4 a6 26. Rd2 Rae8 27. Rcd1 Ng4 28. Qb6 Qf6 29. Rd4 Ba8 30. e4 Rd7 31. h3 Nh6 32. e5 Qd8 33. e6 Rg7 34. R4d2 Kh8 35. Qd4 g5 36. fxg5 Qxg5 37. Rf2 Ng8 38. Qf4 Qxf4 39. Rxf4 Ne7 40. Kf2 Reg8 41. Bf3 Rg6 42. g4 fxg4 43. hxg4 Rg5 44. Ne3 Re5 45. Be4 Rgg5 46. Rh1 h5 47. Rf8+ Rg8 48. Rf7 Rg7 49. Nf5 Rxf7 50. exf7 Rxf5+ 51. gxf5 Kg7 52. f6+ 0-1

[Event "Minsk"]
[Site "Minsk"]
[Date "1995.??.??"]
[Round "7"]
[White "Fominyh, Alexander"]
[Black "Fedorov, Alexei"]
[Result "1/2-1/2"]
[WhiteElo "2520"]
[BlackElo "2495"]
[PlyCount "90"]
[EventDate "1995.??.??"]
[Source "ChessBase"]

1. d4 Nf6 2. Nf3 g6 3. c4 Bg7 4. g3 O-O 5. Bg2 c5 6. d5 d6 7. O-O Na6 8. Nc3 Nc7 9. Bf4 b5 10. cxb5 Rb8 11. a4 a6 12. Nd2 axb5 13. axb5 Nxb5 14. Nc4 Bd7 15. Na5 Qc7 16. Qd2 Nd4 17. Ra3 Rb4 18. e3 Nb5 19. Ra2 h6 20. h4 Nh5 21. Nc6 Bxc6 22. dxc6 Nxf4 23. gxf4 e6 24. h5 gxh5 25. Nxb5 Rxb5 26. Qe2 Rfb8 27. f5 d5 28. Ra6 R8b6 29. Rxb6 Rxb6 30. Qxh5 Qxc6 31. fxe6 Qxe6 32. Bxd5 Qg6+ 33. Qxg6 Rxg6+ 34. Kh1 Bxb2 35. Rg1 Kg7 36. Rxg6+ fxg6 37. Kg2 Bc1 38. Kf3 h5 39. Ke4 Kf6 40. Bc6 h4 41. Bd7 Ke7 42. Bh3 Kd6 43. Bf1 Bd2 44. Kf4 Be1 45. Kg5 Bxf2 1/2-1/2

[Event "Haifa ol (Men)"]
[Site "Haifa ISR"]
[Date "1976.??.??"]
[Round "7"]
[White "Najdorf, Miguel"]
[Black "Torre, Eugenio"]
[Result "0-1"]
[WhiteElo "2510"]
[BlackElo "2505"]
[PlyCount "114"]
[EventDate "1976.11.??"]
[Source "www.chesslib.no"]
[SourceDate "2004.05.04"]

1. d4 Nf6 2. c4 c5 3. d5 g6 4. g3 d6 5. Bg2 Bg7 6. Nf3 O-O 7. O-O Na6 8. Nc3 Nc7 9. a4 Rb8 10. Ne1 b6 11. Nc2 a6 12. Bd2 Re8 13. Rb1 e6 14. dxe6 Bxe6 15. Bf4 Bf8 16. Qd3 b5 17. axb5 axb5 18. cxb5 Nfd5 19. Rfd1 Nxf4 20. gxf4 Bf5 21. Qd2 Nxb5 22. e3 Nxc3 23. bxc3 Qd7 24. Rxb8 Rxb8 25. e4 Be6 26. Ne3 Bh6 27. Nd5 Qd8 28. Qe3 Bxd5 29. Rxd5 Qh4 30. Qg3 Qxf4 31. Rd1 Rb6 32. e5 dxe5 33. Qxf4 Bxf4 34. Rd8+ Kg7 35. Bd5 Bd2 36. c4 Bc3 37. Rd7 Rf6 38. f3 Rf4 39. Kg2 h5 40. h3 g5 41. Kg3 Kf8 42. Ra7 Bd4 43. Rb7 Kg7 44. Ra7 Kg6 45. Rb7 h4+ 46. Kg2 f5 47. Rb6+ Kg7 48. Rb7+ Kf6 49. Rb6+ Ke7 50. Rb7+ Kd8 51. Rb8+ Kc7 52. Rb7+ Kc8 53. Rg7 e4 54. Rxg5 Kc7 55. fxe4 Rf2+ 56. Kg1 fxe4 57. Rg2 e3 0-1

[Event "LNA Copa Puma"]
[Site "Argentina ARG"]
[Date "2007.09.15"]
[Round "6"]
[White "Lafuente, P."]
[Black "Flores, Di"]
[Result "1-0"]
[WhiteElo "2454"]
[BlackElo "2560"]
[PlyCount "87"]
[EventDate "2007.08.11"]
[Source "www.chesslib.no"]
[SourceDate "2004.05.04"]

1. d4 g6 2. g3 Bg7 3. Bg2 Nf6 4. Nf3 O-O 5. O-O d6 6. c4 c5 7. d5 Na6 8. Nc3 Nc7 9. Ne1 b5 10. cxb5 Rb8 11. a4 a6 12. bxa6 Bxa6 13. Nc2 Nd7 14. Na3 Ne5 15. b3 e6 16. Bd2 Rb4 17. Ncb5 Nxd5 18. Bxd5 exd5 19. Bxb4 cxb4 20. Nc2 Ng4 21. Nxb4 Bb7 22. Rc1 Qg5 23. Rc7 Ba8 24. Ra7 d4 25. Rxa8 Rxa8 26. Qc2 Be5 27. Qc6 Rb8 28. Nd3 Qh5 29. Qg2 Nxh2 30. Qxh2 Qxe2 31. Nxe5 dxe5 32. Qh4 d3 33. Qc4 Qf3 34. Qc7 Re8 35. Nd6 Rf8 36. Nc4 e4 37. Qf4 Qe2 38. Qe3 Qg4 39. Kg2 Rb8 40. Nd2 f5 41. Rc1 Kf8 42. Rc7 f4 43. Qd4 f3+ 44. Kg1 1-0

[Event "Prague zt"]
[Site "Prague"]
[Date "1985.??.??"]
[Round "16"]
[White "Csom, Istvan"]
[Black "Gheorghiu, Florin"]
[Result "1/2-1/2"]
[WhiteElo "2480"]
[BlackElo "2530"]
[PlyCount "47"]
[EventDate "1985.02.??"]
[Source "ChessBase"]

1. d4 Nf6 2. c4 c5 3. d5 g6 4. g3 d6 5. Bg2 Bg7 6. Nc3 O-O 7. Nf3 Na6 8. O-O Nc7 9. h3 a6 10. a4 b6 11. e4 Rb8 12. Re1 b5 13. e5 Nfe8 14. b3 b4 15. Ne4 f6 16. exf6 exf6 17. Ra2 Bf5 18. Rae2 Na8 19. Bf4 Nb6 20. g4 Bxe4 21. Rxe4 Nd7 22. R4e2 Ne5 23. Nh2 f5 24. g5 1/2-1/2

[Event "Porz"]
[Site "Porz GER"]
[Date "1982.??.??"]
[Round "10"]
[White "Reefschlaeger, Helmut"]
[Black "Tal, Mikhail N"]
[Result "0-1"]
[WhiteElo "2405"]
[BlackElo "2605"]
[PlyCount "86"]
[EventDate "1981.12.??"]
[Source "www.chesslib.no"]
[SourceDate "2004.05.04"]

1. d4 Nf6 2. c4 c5 3. d5 g6 4. g3 Bg7 5. Bg2 O-O 6. Nf3 Na6 7. O-O d6 8. Nc3 Nc7 9. a4 Rb8 10. e4 Bg4 11. h3 Bxf3 12. Qxf3 e6 13. Re1 Nd7 14. Bd2 Na6 15. Qd1 Nb4 16. Be3 exd5 17. cxd5 a6 18. Bf1 Rc8 19. f4 Re8 20. Kh2 Bd4 21. Rc1 Qf6 22. e5 dxe5 23. Ne4 Qb6 24. a5 Qc7 25. Bxd4 exd4 26. Bc4 Kg7 27. d6 Qc6 28. Ng5 Nd5 29. Qf3 Rxe1 30. Bxd5 Re2+ 31. Qxe2 Qxd5 32. Qe7 Nf6 33. Re1 Re8 34. Ne6+ Kg8 35. Qxf6 fxe6 36. Qe5 Rd8 37. Qf6 Rxd6 38. Qe7 Qc6 39. h4 Qd7 40. Qf6 Qf7 41. Qe5 Rd5 42. Qb8+ Kg7 43. Re5 Qe7 0-1

[Event "Berliner Sommer"]
[Site "Berlin"]
[Date "1995.??.??"]
[Round "7"]
[White "Greenfeld, Alon"]
[Black "Movsziszian, Karen"]
[Result "1-0"]
[WhiteElo "2570"]
[BlackElo "2440"]
[PlyCount "71"]
[EventDate "1995.08.??"]
[Source "ChessBase"]

1. d4 Nf6 2. c4 c5 3. d5 g6 4. Nf3 Bg7 5. g3 O-O 6. Bg2 d6 7. O-O Bf5 8. Nc3 Ne4 9. Nxe4 Bxe4 10. Bh3 Bxf3 11. exf3 Nd7 12. Re1 Re8 13. a4 a6 14. f4 Rb8 15. Bf1 Nf8 16. Ra3 Qd7 17. Rf3 f5 18. g4 fxg4 19. Rg3 e5 20. dxe6 Rxe6 21. Rxe6 Qxe6 22. Bg2 Kh8 23. Bd5 Qe7 24. Re3 Qh4 25. Qe2 h5 26. Re7 b6 27. b3 Bd4 28. Bb2 Qf6 29. Bxd4 Qxd4 30. Rf7 g5 31. Qe7 gxf4 32. Qxd6 Qd1+ 33. Kg2 f3+ 34. Kg3 Qg1+ 35. Kh4 Ng6+ 36. Kxh5 1-0

[Event "Najdorf mem Great fin"]
[Site "Buenos Aires"]
[Date "2002.10.04"]
[Round "2.4"]
[White "Slipak, Sergio"]
[Black "Spangenberg, Hugo"]
[Result "0-1"]
[WhiteElo "2498"]
[BlackElo "2508"]
[PlyCount "102"]
[EventDate "2002.09.01"]
[Source "ChessBase"]
[SourceDate "2002.11.06"]

1. d4 Nf6 2. c4 g6 3. Nc3 Bg7 4. g3 d6 5. Bg2 O-O 6. Nf3 c5 7. d5 a6 8. O-O e6 9. a4 exd5 10. cxd5 Re8 11. Bf4 Nh5 12. Bg5 Qc7 13. Rc1 Nd7 14. e4 Qb6 15. Qc2 Qb4 16. Nd2 Ne5 17. h3 h6 18. Be3 Nc4 19. Nxc4 Qxc4 20. b3 Qxc3 21. Qxc3 Bxc3 22. Rxc3 Nf6 23. f3 g5 24. Bc1 b5 25. a5 b4 26. Rc2 Bd7 27. Rff2 Rab8 28. Bf1 Bb5 29. h4 Bxf1 30. Kxf1 g4 31. Bxh6 gxf3 32. Rxf3 Nxe4 33. Kg1 Re5 34. Re2 Rbe8 35. Bf4 Ng5 36. Rfe3 Nh3+ 37. Kh2 Nxf4 38. Rxe5 dxe5 39. gxf4 e4 40. Kg3 f5 41. Kf2 Kf7 42. Rc2 Rc8 43. h5 Ke7 44. Ke3 Kd6 45. h6 Rh8 46. Rh2 Kxd5 47. h7 c4 48. bxc4+ Kxc4 49. Rh5 b3 50. Kd2 e3+ 51. Kxe3 b2 0-1

[Event "Parcetic Memorial 5th"]
[Site "Sombor"]
[Date "1972.??.??"]
[Round "3"]
[White "Rukavina, Josip"]
[Black "Matulovic, Milan"]
[Result "1/2-1/2"]
[WhiteElo "2480"]
[BlackElo "2525"]
[PlyCount "97"]
[EventDate "1972.11.25"]
[Source "www.chesslib.no"]
[SourceDate "2004.05.04"]

1. c4 g6 2. d4 Bg7 3. Nf3 c5 4. d5 d6 5. g3 Nf6 6. Bg2 O-O 7. O-O Na6 8. Nc3 Nc7 9. Nd2 Rb8 10. a4 e6 11. e4 exd5 12. cxd5 b6 13. Re1 Ng4 14. Nc4 Bd4 15. Ne3 Qf6 16. Qc2 a6 17. Nxg4 Bxg4 18. Be3 b5 19. Bxd4 cxd4 20. Ne2 d3 21. Qxd3 bxa4 22. Rxa4 Rxb2 23. Rc4 Nb5 24. h3 Bd7 25. h4 Rc8 26. Rxc8+ Bxc8 27. Nf4 h6 28. Qe3 Ra2 29. e5 dxe5 30. Nd3 e4 31. Qxh6 Ra1 32. Bxe4 a5 33. Rxa1 Qxa1+ 34. Kg2 Qd4 35. f3 Qf6 36. h5 Bf5 37. hxg6 Qxg6 38. Qf4 Nd6 39. Nf2 a4 40. Bxf5 Nxf5 41. g4 a3 42. Qb8+ Kg7 43. Ne4 Ne3+ 44. Kg3 Nxg4 45. Kf4 Nh6 46. Qe5+ f6 47. Qe7+ Qf7 48. Qxa3 Qxd5 49. Qe7+ 1/2-1/2

[Event "HUN-ch"]
[Site "HUN"]
[Date "1973.??.??"]
[Round "?"]
[White "Csom, Istvan"]
[Black "Forintos, Gyozo V"]
[Result "1/2-1/2"]
[WhiteElo "2540"]
[BlackElo "2460"]
[PlyCount "97"]
[EventDate "1973.??.??"]
[Source "ChessBase"]

1. c4 g6 2. d4 Bg7 3. Nf3 c5 4. d5 d6 5. g3 Nf6 6. Bg2 O-O 7. O-O Na6 8. Nc3 Nc7 9. Re1 Rb8 10. a4 a6 11. e4 Bg4 12. a5 b5 13. axb6 Rxb6 14. Ra3 e6 15. h3 Bxf3 16. Bxf3 exd5 17. exd5 Nd7 18. Qc2 Ne5 19. Na4 Rb7 20. Bd2 Na8 21. Bg2 Nb6 22. Ba5 Nexc4 23. Bxb6 Nxb6 24. Rb3 Qb8 25. Rxb6 Rxb6 26. Nxb6 Qxb6 27. b3 Rb8 28. Re3 Bd4 29. Rf3 Qb7 30. Qe4 a5 31. Bf1 Qd7 32. Kg2 Rb4 33. Qe2 Kg7 34. Qa6 Qc7 35. Bc4 Rb8 36. h4 Rb4 37. Qc6 Qe7 38. Qa6 a4 39. bxa4 Qe4 40. Qa7 Rxc4 41. Qxf7+ Kh6 42. Kh3 Be5 43. a5 Ra4 44. a6 Qg4+ 45. Kg2 Rxa6 46. Qf8+ Bg7 47. Qe7 Ra4 48. Qxd6 Qe4 49. Qd8 1/2-1/2

[Event "Petrov mem"]
[Site "St Petersburg"]
[Date "1996.??.??"]
[Round "6"]
[White "Volkov, Sergey"]
[Black "Fedorov, Alexei"]
[Result "0-1"]
[WhiteElo "2460"]
[BlackElo "2540"]
[PlyCount "80"]
[EventDate "1996.02.??"]
[Source "ChessBase"]

1. d4 Nf6 2. c4 g6 3. Nf3 Bg7 4. g3 O-O 5. Bg2 c5 6. d5 d6 7. Nc3 Na6 8. O-O Nc7 9. Re1 e5 10. Nd2 h5 11. h4 Ng4 12. Nf1 f5 13. Bg5 Qe8 14. Qd2 Bd7 15. f3 Nf6 16. e4 Qf7 17. exf5 gxf5 18. a3 a5 19. Bh6 b5 20. cxb5 Nxb5 21. Nxb5 Bxb5 22. Bxg7 Qxg7 23. Ne3 Nh7 24. a4 Ba6 25. g4 hxg4 26. fxg4 f4 27. Nf5 Rxf5 28. gxf5 f3 29. Ra3 Qxg2+ 30. Qxg2+ fxg2 31. Rb3 Bc4 32. Rb7 Nf6 33. Re3 Bxd5 34. Rg3+ Kf8 35. Rb6 Nh5 36. Rg6 Rd8 37. Kh2 Nf4 38. Rf6+ Ke7 39. Rh6 Rg8 40. Rh7+ Kf6 0-1

[Event "Wijk aan Zee NED"]
[Site "Wijk aan Zee NED"]
[Date "1986.??.??"]
[Round "?"]
[White "Nikolic, Zivoslav"]
[Black "Torre, Eugenio"]
[Result "1-0"]
[WhiteElo "2475"]
[BlackElo "2525"]
[PlyCount "58"]
[EventDate "1986.??.??"]
[Source "www.chesslib.no"]
[SourceDate "2004.05.04"]

1. d4 Nf6 2. c4 g6 3. Nf3 Bg7 4. g3 O-O 5. Bg2 d6 6. O-O c5 7. d5 Na6 8. Nc3 Nc7 9. e4 Bg4 10. h3 Bxf3 11. Qxf3 a6 12. a4 b5 13. axb5 axb5 14. Rxa8 Qxa8 15. cxb5 Qa5 16. e5 dxe5 17. d6 exd6 18. Qc6 Ne6 19. Qxd6 e4 20. b6 Qb4 21. Qc6 h6 22. Be3 Rb8 23. Na4 Nd5 24. Qxd5 Qxa4 25. b7 Kh7 26. b3 Qb4 27. Bxe4 Nd8 28. Bxc5 Qxb7 29. Qxd8 Rc8 1-0

[Event "Jugoslavija (ch_play off)"]
[Site "?"]
[Date "1997.??.??"]
[Round "?"]
[White "Damljanovic, B."]
[Black "Ivanisevic, I."]
[Result "1-0"]
[WhiteElo "2540"]
[BlackElo "2450"]
[PlyCount "89"]
[EventDate "1997.??.??"]
[Source "ChessBase"]
[SourceDate "1997.02.01"]

1. c4 c5 2. Nf3 g6 3. d4 Bg7 4. d5 Nf6 5. Nc3 O-O 6. g3 d6 7. Bg2 Na6 8. O-O Nc7 9. e4 Bg4 10. Qb3 Rb8 11. a4 a6 12. a5 Bxf3 13. Bxf3 Nd7 14. Qc2 e6 15. Bd2 exd5 16. exd5 b5 17. axb6 Rxb6 18. Na4 Rb7 19. Rab1 Bd4 20. Kg2 Qf6 21. b3 Rfb8 22. Nc3 Ne5 23. Be2 Qf5 24. Ne4 Ne8 25. f4 Ng4 26. h3 Ne3+ 27. Bxe3 Re7 28. Bd3 Bxe3 29. Rbe1 Bd4 30. Nxc5 Qf6 31. Ne4 Qg7 32. Re2 Reb7 33. Rfe1 h6 34. g4 Rxb3 35. Nd2 Rb2 36. Rxe8+ Rxe8 37. Rxe8+ Kh7 38. Qd1 Bc3 39. Re2 Qd4 40. Ne4 Bb4 41. f5 a5 42. fxg6+ fxg6 43. Rxb2 Qxb2+ 44. Qe2 Qe5 45. Qf2 1-0

[Event "Budapest zt 1.4"]
[Site "Budapest"]
[Date "2000.06.21"]
[Round "5"]
[White "Horvath, Jozsef"]
[Black "Balogh, Tomas"]
[Result "1/2-1/2"]
[WhiteElo "2557"]
[BlackElo "2433"]
[PlyCount "46"]
[EventDate "2000.06.17"]
[Source "ChessBase"]
[SourceDate "2000.10.18"]

1. Nf3 Nf6 2. c4 g6 3. d4 Bg7 4. g3 O-O 5. Bg2 d6 6. O-O c5 7. d5 Na6 8. Nc3 Nc7 9. a4 Rb8 10. e4 Bg4 11. h3 Bxf3 12. Bxf3 Nd7 13. Be3 a6 14. Be2 Re8 15. Qd2 e6 16. Kg2 exd5 17. exd5 Qe7 18. Rfe1 Qf8 19. a5 b6 20. axb6 Rxb6 21. Bd1 Reb8 22. Ra2 Ne5 23. b3 Rxb3 1/2-1/2

[Event "IV Memorial Geller"]
[Site "Odessa UCR"]
[Date "2008.09.12"]
[Round "4"]
[White "Drozdovskij, Y."]
[Black "Lutsko, I."]
[Result "1-0"]
[WhiteElo "2587"]
[BlackElo "2399"]
[PlyCount "99"]
[EventDate "2008.09.09"]
[Source "www.chesslib.no"]
[SourceDate "2004.05.04"]

1. d4 d6 2. g3 Nf6 3. Bg2 g6 4. Nf3 Bg7 5. O-O O-O 6. c4 c5 7. d5 Na6 8. Nc3 Nc7 9. a4 e5 10. Ne1 Ng4 11. h3 Nh6 12. e4 f5 13. Nd3 Nf7 14. Be3 a5 15. exf5 gxf5 16. f4 Ne8 17. fxe5 Nxe5 18. Nxe5 Bxe5 19. Bf4 Qf6 20. Qd2 Bd7 21. Rae1 Bd4+ 22. Kh2 Ng7 23. Bg5 Qg6 24. Re7 Rf7 25. Rxf7 Qxf7 26. Ne2 Be5 27. b3 Nh5 28. Bf3 Kh8 29. Bxh5 Qxh5 30. Bf4 Re8 31. Ng1 b6 32. Bxe5+ dxe5 33. Qc3 Kg8 34. Re1 f4 35. Qf3 Qxf3 36. Nxf3 e4 37. Ng5 fxg3+ 38. Kxg3 e3 39. Kf3 h6 40. Ne4 Kg7 41. h4 Rf8+ 42. Kxe3 Bg4 43. Nd6 Kg6 44. Ke4 Kh5 45. Ke5 Rf3 46. Ne4 Kxh4 47. Rh1+ Bh3 48. Rh2 Rf5+ 49. Kd6 Rf3 50. Nf2 1-0

[Event "URS-JUG"]
[Site "Odessa"]
[Date "1975.??.??"]
[Round "6"]
[White "Kovacevic, Vlatko"]
[Black "Suetin, Alexey S"]
[Result "1/2-1/2"]
[WhiteElo "2465"]
[BlackElo "2520"]
[PlyCount "37"]
[EventDate "1975.??.??"]
[Source "ChessBase"]

1. d4 Nf6 2. c4 c5 3. d5 d6 4. Nf3 g6 5. g3 Bg7 6. Bg2 O-O 7. O-O Na6 8. Nc3 Nc7 9. a4 b6 10. Re1 a6 11. e4 Bg4 12. h3 Bxf3 13. Qxf3 Rb8 14. Bf1 e5 15. Rb1 Kh8 16. Bd3 Qd7 17. Kh2 Ng8 18. g4 Qd8 19. Qg3 1/2-1/2

[Event "Munich"]
[Site "Munich"]
[Date "1988.??.??"]
[Round "?"]
[White "Van der Sterren, Paul"]
[Black "Smejkal, Jan"]
[Result "0-1"]
[WhiteElo "2470"]
[BlackElo "2515"]
[PlyCount "110"]
[EventDate "1988.04.??"]
[Source "ChessBase"]

1. d4 Nf6 2. c4 g6 3. g3 Bg7 4. Bg2 O-O 5. Nc3 c5 6. d5 d6 7. Nf3 e5 8. O-O Na6 9. e4 Ne8 10. a3 Nac7 11. b4 b6 12. bxc5 dxc5 13. a4 Nd6 14. Qe2 a5 15. Bb2 Qe7 16. Nd2 Bd7 17. Rae1 Rae8 18. Nb5 Ncxb5 19. cxb5 f5 20. exf5 gxf5 21. Nc4 Nxc4 22. Qxc4 Qd6 23. f4 e4 24. Bxg7 Kxg7 25. g4 Qf6 26. g5 Qd4+ 27. Qxd4+ cxd4 28. Kf2 Rc8 29. Rc1 Rxc1 30. Rxc1 Rc8 31. Rxc8 Bxc8 32. h4 Kg6 33. Bf1 d3 34. Kg3 Kh5 35. Kh3 Bb7 36. d6 Bc8 37. Kg3 Be6 38. Kh3 Bd7 39. Kg3 Bc8 40. Kh3 Kg6 41. Kg3 Bd7 42. Kf2 Kh5 43. Kg3 Be8 44. Kh3 Kg6 45. Kg3 Kf7 46. Kf2 Ke6 47. Bh3 h5 48. Ke3 Bd7 49. Kd2 Kxd6 50. Kc3 Be6 51. Bf1 Ba2 52. Bh3 Ke6 53. Bf1 Kf7 54. Bh3 Kg6 55. Bf1 Bb1 0-1

[Event "Wch U26"]
[Site "Antwerp"]
[Date "1992.??.??"]
[Round "6"]
[White "Janjgava, Lasha"]
[Black "Gdanski, Jacek"]
[Result "1-0"]
[WhiteElo "2485"]
[BlackElo "2500"]
[PlyCount "77"]
[EventDate "1992.??.??"]
[Source "ChessBase"]

1. d4 Nf6 2. c4 c5 3. d5 g6 4. Nc3 d6 5. g3 Bg7 6. Bg2 O-O 7. Nf3 Na6 8. O-O Bg4 9. Ne1 Qc8 10. f3 Bh3 11. e4 Bxg2 12. Kxg2 Nc7 13. a4 b6 14. Nc2 a6 15. Na3 Qb7 16. Bg5 h6 17. Be3 e6 18. Qd2 Kh7 19. Rab1 exd5 20. exd5 b5 21. axb5 Nd7 22. Ne4 f5 23. Nxd6 Qb6 24. b4 Qxd6 25. bxc5 Nxc5 26. Qb4 Nb7 27. Qxd6 Nxd6 28. b6 Nxc4 29. Nxc4 Nxd5 30. Bc5 Rf7 31. Nd6 Rff8 32. b7 Rab8 33. Ba7 a5 34. Rfc1 Be5 35. Bxb8 Rxb8 36. Rb5 Ne3+ 37. Kf2 Bxd6 38. Kxe3 a4 39. Rc8 1-0

[Event "Izmir GP op"]
[Site "Izmir"]
[Date "2002.08.30"]
[Round "3"]
[White "Shengelia, Davit"]
[Black "Jobava, Baadur"]
[Result "1/2-1/2"]
[WhiteElo "2421"]
[BlackElo "2562"]
[PlyCount "192"]
[EventDate "2002.08.28"]
[Source "ChessBase"]
[SourceDate "2002.11.06"]

1. d4 Nf6 2. Nf3 g6 3. c4 Bg7 4. g3 O-O 5. Bg2 d6 6. Nc3 c5 7. dxc5 dxc5 8. Be3 Qa5 9. Qa4 Qb4 10. Qxb4 cxb4 11. Nb5 Nc6 12. Rd1 Bd7 13. O-O Rfc8 14. b3 a6 15. Nbd4 b5 16. Nxc6 Bxc6 17. Ne5 Bxg2 18. Kxg2 Ne4 19. Nd7 Nc3 20. Rd2 Rc6 21. Nb6 Rb8 22. Nd5 Nxd5 23. cxd5 Rcc8 24. d6 exd6 25. Rxd6 Ra8 26. Rfd1 Be5 27. R6d5 Bc7 28. Bc5 a5 29. Be3 Rd8 30. Rxd8+ Rxd8 31. Rxd8+ Bxd8 32. Kf3 f5 33. Ba7 Kf7 34. e4 Ke6 35. Ke3 Kd6 36. f4 Kc6 37. Bd4 Kd7 38. h3 h5 39. Kf3 Ke6 40. Bc5 Bf6 41. Bb6 a4 42. g4 hxg4+ 43. hxg4 fxg4+ 44. Kxg4 Bc3 45. Bc5 Bd2 46. Bd4 Bc3 47. Be3 Kf6 48. Bf2 Ke6 49. Bg3 Bf6 50. Bh4 Bc3 51. Bd8 Kd7 52. Ba5 Ke6 53. Kg5 Bd2 54. Bc7 Kf7 55. Bd6 Ke6 56. Bc5 Kf7 57. Bd4 Bc3 58. Be3 Bf6+ 59. Kg4 Ke6 60. Bc1 Be7 61. Bb2 Bc5 62. Bc1 Be7 63. Bd2 Kf6 64. Be1 Ke6 65. Bh4 Bc5 66. Bg3 Be7 67. Be1 Bc5 68. Kg5 Kf7 69. f5 Be3+ 70. Kg4 Bc5 71. Kf4 gxf5 72. exf5 Bf8 73. Bh4 Bg7 74. Ke4 Bc3 75. Kd5 Bd2 76. Kc5 Bc3 77. Kxb5 axb3 78. axb3 Bd2 79. Kc4 Bc3 80. Kd5 Bd2 81. Ke4 Bc3 82. Bf2 Bd2 83. Bd4 Be1 84. Kd3 Bh4 85. Kc4 Be1 86. Bc5 Kf6 87. Bxb4 Bh4 88. Kd5 Kxf5 89. Bc5 Be1 90. Bd4 Bd2 91. Bf2 Ba5 92. Bd4 Be1 93. Kc4 Ke6 94. Bc3 Bh4 95. b4 Be7 96. b5 Kd7 1/2-1/2

[Event "2nd Popel mem"]
[Site "Lviv UKR"]
[Date "1999.09.29"]
[Round "7"]
[White "Maksimenko, A."]
[Black "Koziak, V."]
[Result "1-0"]
[WhiteElo "2515"]
[BlackElo "2466"]
[PlyCount "97"]
[EventDate "1999.09.22"]
[Source "www.chesslib.no"]
[SourceDate "2004.05.04"]

1. d4 g6 2. g3 Bg7 3. Bg2 Nf6 4. c4 O-O 5. Nc3 c5 6. d5 d6 7. Nf3 e5 8. O-O Ne8 9. e4 h6 10. a3 f5 11. Nh4 Qf6 12. exf5 Bxf5 13. Be3 Na6 14. Qd2 g5 15. Nxf5 Qxf5 16. Be4 Qh3 17. f3 Nf6 18. Bc2 Rf7 19. Rf2 Qd7 20. Kg2 Bf8 21. Rh1 Rg7 22. h4 Nh7 23. Bxh7+ Rxh7 24. hxg5 hxg5 25. Ne4 Qf5 26. Rxh7 Kxh7 27. Nxg5+ Kg8 28. Rf1 Nc7 29. Rh1 Be7 30. g4 Qg6 31. Ne4 Rf8 32. Rh6 Qg7 33. Qc2 Qf7 34. Qd1 Ne8 35. Kg3 Qg7 36. Rh3 Rf7 37. Qh1 Rf4 38. Qb1 Rf7 39. Nd2 Bg5 40. Qd3 Bf4+ 41. Kg2 Bxe3 42. Qxe3 Rf4 43. Ne4 b6 44. Rh5 Qe7 45. Rg5+ Kf7 46. Qf2 Nf6 47. Qh4 Qf8 48. Nxf6 Rxf6 49. Qh7+ 1-0

[Event "DDR Ch 34th"]
[Site "Jueterbog"]
[Date "1985.??.??"]
[Round "11"]
[White "Espig, Lutz"]
[Black "Knaak, Rainer F A"]
[Result "0-1"]
[WhiteElo "2450"]
[BlackElo "2530"]
[PlyCount "82"]
[EventDate "1985.02.??"]
[Source "www.chesslib.no"]
[SourceDate "2004.05.04"]

1. d4 Nf6 2. g3 c5 3. d5 g6 4. Bg2 Bg7 5. c4 O-O 6. Nc3 d6 7. Nf3 a6 8. a4 Nbd7 9. O-O Rb8 10. e4 Ne8 11. Bf4 Nc7 12. Qe2 b5 13. axb5 axb5 14. cxb5 Nf6 15. Rfd1 Bd7 16. e5 Nh5 17. Bc1 Nxb5 18. Nxb5 Bxb5 19. Qe1 Qd7 20. Bd2 Ba4 21. Rdb1 Bb3 22. h3 f5 23. exd6 exd6 24. Ng5 Rfe8 25. Qc1 Nf6 26. Ra3 Qb7 27. Bf4 Bxd5 28. Bxd5+ Qxd5 29. Ra6 Rbd8 30. Qd1 h6 31. Nf3 Qxd1+ 32. Rxd1 Ne4 33. Nd2 g5 34. Nxe4 gxf4 35. Raxd6 Rxd6 36. Nxd6 Rd8 37. Rd2 fxg3 38. Nc4 Bd4 39. Kf1 gxf2 40. Ne3 Re8 41. Nc2 Bxb2 0-1

[Event "URS-ch sf"]
[Site "Tbilisi"]
[Date "1973.??.??"]
[Round "12"]
[White "Razuvaev, Yuri S"]
[Black "Zilberstein, Valery I"]
[Result "1-0"]
[WhiteElo "2510"]
[BlackElo "2470"]
[PlyCount "73"]
[EventDate "1973.??.??"]
[Source "ChessBase"]

1. d4 Nf6 2. c4 c5 3. d5 g6 4. Nc3 Bg7 5. Nf3 O-O 6. g3 d6 7. Bg2 e5 8. O-O Na6 9. e4 Nc7 10. Rb1 a6 11. Nd2 b5 12. b4 cxb4 13. Rxb4 a5 14. Rxb5 Nxb5 15. Nxb5 Ne8 16. a4 f5 17. Ba3 Rf7 18. c5 dxc5 19. Nc4 f4 20. Bb2 Qe7 21. Qa1 f3 22. Bh1 Ba6 23. Bxe5 Bxb5 24. axb5 Nd6 25. Bxd6 Qxe4 26. Qc1 Qxd5 27. b6 a4 28. Bc7 a3 29. Nxa3 Qb3 30. Nb1 Ra1 31. Qd1 Qb2 32. Bxf3 Kh8 33. b7 Rf8 34. Qd6 Rxb1 35. Rxb1 Qxb1+ 36. Kg2 Qf5 37. Qxf8+ 1-0

[Event "Minsk Open"]
[Site "Minsk BLR"]
[Date "1994.??.??"]
[Round "7"]
[White "Guliev, Sarhan"]
[Black "Fedorov, Alexei"]
[Result "0-1"]
[WhiteElo "2470"]
[BlackElo "2505"]
[PlyCount "82"]
[EventDate "1994.??.??"]
[Source "www.chesslib.no"]
[SourceDate "2004.05.04"]

1. d4 Nf6 2. c4 g6 3. Nc3 Bg7 4. Nf3 O-O 5. g3 c5 6. d5 d6 7. Bg2 Na6 8. O-O Nc7 9. Re1 e5 10. e4 Nd7 11. Ng5 h6 12. Nh3 a6 13. a4 b6 14. f3 Rb8 15. Bf1 f5 16. exf5 gxf5 17. f4 e4 18. g4 fxg4 19. Nf2 Nf6 20. Ra3 b5 21. axb5 axb5 22. cxb5 Bf5 23. Rb3 Kh8 24. b6 Nce8 25. b7 Rf7 26. Ba6 Nc7 27. Bc4 Re7 28. Ne2 Bh7 29. Ng3 Qd7 30. Rb6 h5 31. f5 h4 32. Ngxe4 Qe8 33. Bg5 g3 34. Rf1 gxf2+ 35. Nxf2 Bxf5 36. Bxh4 Qg6+ 37. Kh1 Be4+ 38. Nxe4 Qxe4+ 39. Qf3 Qxh4 40. Bd3 Ncxd5 41. Rxd6 Rexb7 0-1